Clic Distance entre Paris et... - Monde - 1 - Statistiques

Statistiques générales
  • Ce quiz a été pris 33 fois
  • Le résultat moyen est 4 sur 16
Statistiques - réponses
Hint Réponse % Correct
Alger 1400 km
60%
Téhéran 4200 km
40%
Addis-Abeba 5600 km
40%
Ankara 2600 km
35%
Le Caire 3200 km
35%
New Delhi 6600 km
35%
Tokyo 9700 km
30%
Singapour 10800 km
20%
Bangkok 9500 km
20%
Lima 10300 km
15%
Jakarta 11600 km
15%
Dacca 7900 km
15%
Séoul 9000 hm
15%
Pékin 8200 km
10%
Bogota 8600 km
5%
Mexico 9200 km
5%
Aucun quiz correspondant
Distribution des résultats
% des personnes avec chaque résultat
Percentile par nombre de réponses
Votre historique - résultats
Vous n’avez pas pris ce quiz